Ho scelto te /

সংরক্ষণ করুন:
গ্রন্থ-পঞ্জীর বিবরন
প্রধান লেখক: De Marco, Maximo
বিন্যাস: গ্রন্থ
ভাষা:ইতালিয়
প্রকাশিত: Roma: Fabio Croce, 2005
মালা:OffSide
ট্যাগগুলো: ট্যাগ যুক্ত করুন
কোনো ট্যাগ নেই, প্রথমজন হিসাবে ট্যাগ করুন!

MARC

LEADER 00000nam a22000007i 4500
001 IT\ICCU\UBO\3813331
003 ItRI
005 20260220162121.0
008 100903s2005 it |||||| ||||| |||||c
020 |a 8889337133 
040 |b ita  |c GP 
041 7 |a ita  |2 ISO-639-2 
100 1 |a De Marco, Maximo  |0 IT\ICCU\UBOV\375614 
245 1 0 |a Ho scelto te /  |c di Maximo De Marco. 
260 |a Roma: Fabio Croce,  |c 2005 
300 |a 62 p. ;  |c 19 cm. 
830 0 |a OffSide  |0 IT\ICCU\RMS\0086921 
942 |2 ddc  |c BK 
952 |0 0  |1 0  |2 ddc  |4 0  |6 853_920000000000000_DEM  |7 1  |9 797  |a RM  |b RM  |d 2024-02-27  |l 0  |o 853.92 DEM  |p 338  |r 2024-02-27 19:14:25  |w 2024-02-27  |y BK 
952 |0 0  |1 0  |4 0  |6 DOC_853_920000000000000_DEM  |7 0  |9 18308  |a BO  |b BO  |d 2026-01-15  |i 13975  |l 0  |o DOC 853.92 DEM  |p BO13975  |r 2026-01-15 23:19:57  |w 2026-01-15  |x [Sebina 5] [1 v.]  |y BK  |z 1 v. 
999 |c 749  |d 749